چشم نگر ا ن (Record no. 91624)

MARC details
000 -LEADER
fixed length control field 00763nam a22002297a 4500
005 - DATE AND TIME OF LATEST TRANSACTION
control field 20150219162426.0
008 - FIXED-LENGTH DATA ELEMENTS--GENERAL INFORMATION
fixed length control field 140714b xxu||||| |||| 00| 0 Urdu d
010 ## - LCCN (DPL NO)
LC control number UR-8641
020 q# - INTERNATIONAL STANDARD BOOK NUMBER
Terms of availability 200..00
020 ## - INTERNATIONAL STANDARD BOOK NUMBER
Terms of availability 9789350733523
035 ## - SYSTEM CONTROL NUMBER
System control number U-7196
037 ## - SOURCE OF ACQUISITION
Source of stock number/acquisition DBAD/Pub.
040 ## - CATALOGING SOURCE
Original cataloging agency DPL
Language of cataloging Urdu
082 ## - DEWEY DECIMAL CLASSIFICATION NUMBER
Classification number 808.4
100 ## - MAIN ENTRY--PERSONAL NAME
Personal name مر تبہ: محمو د علی بن صلا ح
245 ## - TITLE STATEMENT
Title چشم نگر ا ن
Statement of responsibility, etc مر تبہ: محمو د علی بن صلا ح
246 ## - VARYING FORM OF TITLE
Title proper/short title Chashme-e- Nigran
Remainder of title Edited by Mehmood Ali Bin Salah
260 ## - PUBLICATION, DISTRIBUTION, ETC. (IMPRINT)
Place of publication, distribution, etc د ھلی
Name of publisher, distributor, etc Educational Publishing House
Date of publication, distribution, etc 2014
270 ## - ADDRESS
Address 3108,Vakeel Street,Kucha Pandit,Lal Kuan
City .Delhi
Postal code 110006
300 ## - PHYSICAL DESCRIPTION
Extent 164ص
Dimensions 22Cm (Hb)
942 ## - ADDED ENTRY ELEMENTS (KOHA)
Source of classification or shelving scheme Dewey Decimal Classification
Item type Urdu Bks
Edition
Classification part 808.4
Call number suffix م ح م
Holdings
Withdrawn status Lost status Source of classification or shelving scheme Damaged status Not for loan Collection code Home library Current library Date acquired Source of acquisition Cost, normal purchase price Total Checkouts Full call number Barcode Date last seen Copy number Cost, replacement price Koha item type
    Dewey Decimal Classification   Not For Loan Non-fiction D.B.Act.Division D.B.Act.Division 19/02/2015 DBAD/Pub. 200.00   808.4 م ح م U-7196 19/02/2015 1 200.00 Urdu Bks

© Delhi Public Library
Hit Counter
free hit counter